[Event "MTO-2021"]
[Site "?"]
[Date "2021.??.??"]
[Round "9.135"]
[White "Ermitsch Magnus"]
[Black "Borner Daniel"]
[Result "1-0"]
[WhiteElo "2039"]
[BlackElo "2133"]
[PlyCount "63"]
[EventDate "2021.??.??"]
[WhiteTeam "Deutschland"]
[BlackTeam "Schweiz"]
[WhiteTeamCountry "GER"]
[BlackTeamCountry "SUI"]

1. e4 g6 2. d4 Bg7 3. Nc3 d6 4. Be3 a6 5. f4 b5 6. Bd3 Nd7 7. e5 Bb7 8. Nf3 c5
9. Be4 Bxe4 10. Nxe4 cxd4 11. Bxd4 dxe5 12. fxe5 Nf8 13. Neg5 Qd5 14. O-O Nh6
15. c4 bxc4 16. Qa4+ Qb5 17. Qc2 Nf5 18. Qe4 Rd8 19. Rad1 Ne6 20. Nxe6 fxe6 21.
a4 Qd5 22. Bb6 Qxd1 23. Rxd1 Rxd1+ 24. Kf2 O-O 25. Ke2 Rc1 26. g4 Nh6 27. Be3
Ra1 28. Qxc4 Nf7 29. Qxe6 Kh8 30. Qxe7 Rxa4 31. e6 Nd8 32. Bd4 1-0

[Event "MTO-2021"]
[Site "?"]
[Date "2021.??.??"]
[Round "9.102"]
[White "Salem Saleh"]
[Black "Eljanov Pavel"]
[Result "1-0"]
[WhiteElo "2682"]
[BlackElo "2671"]
[PlyCount "71"]
[EventDate "2021.??.??"]
[WhiteTeam "Vereinigte Arabische Emirate"]
[BlackTeam "Ukraine"]
[WhiteTeamCountry "UAE"]
[BlackTeamCountry "UKR"]

1. d4 Nf6 2. c4 e6 3. Nc3 Bb4 4. a3 Bxc3+ 5. bxc3 d6 6. f3 c5 7. e4 Nc6 8. Be3
Qa5 9. Kf2 O-O 10. Ne2 Qc7 11. g4 b6 12. Ng3 Ba6 13. h4 Na5 14. h5 Bxc4 15. g5
Nd7 16. Bh3 Bb3 17. Qe2 cxd4 18. cxd4 Qc4 19. Rac1 Qxe2+ 20. Nxe2 Bc4 21. Bf4
d5 22. exd5 Bxd5 23. Rc7 Nb8 24. Nc3 Bb3 25. h6 Nbc6 26. d5 exd5 27. hxg7 Kxg7
28. Bf5 Rh8 29. Nb5 d4 30. Nxd4 Bd5 31. Nxc6 Nxc6 32. Bd2 Kf8 33. Bc3 Rg8 34.
Bf6 Nd8 35. Rxh7 Nc6 36. Be4 1-0

[Event "MTO-2021"]
[Site "?"]
[Date "2021.??.??"]
[Round "9.121"]
[White "Stelmaszyk Nico"]
[Black "Noaman Omar"]
[Result "1/2-1/2"]
[WhiteElo "2296"]
[BlackElo "2367"]
[PlyCount "67"]
[EventDate "2021.??.??"]
[WhiteTeam "Deutschland"]
[BlackTeam "Vereinigte Arabische Emirate"]
[WhiteTeamCountry "GER"]
[BlackTeamCountry "UAE"]

1. e4 c6 2. d4 d5 3. exd5 cxd5 4. c4 Nf6 5. Nc3 g6 6. cxd5 Bg7 7. Bc4 O-O 8.
Nge2 a5 9. O-O Na6 10. Nf4 Nc7 11. a4 Na6 12. Qb3 Nb4 13. Nd3 Nxd3 14. Bxd3 Ne8
15. Be3 Nd6 16. Rfe1 Bf5 17. Bxf5 Nxf5 18. Rad1 Qd7 19. h3 h5 20. Rd3 Rfd8 21.
Qd1 Rac8 22. Bf4 h4 23. Be5 Rc4 24. Bxg7 Kxg7 25. Re4 Qd6 26. Qg4 Rh8 27. Qe2
Rhc8 28. Rg4 Rb4 29. Rd2 Qf6 30. Qd1 Qb6 31. Nb5 Rbc4 32. Nc3 Rb4 33. Nb5 Rbc4
34. Nc3 1/2-1/2